000 00654nam a2200205Ia 4500
003 GCL
008 140319s9999 xx 000 0 ara d
040 _aGCL /
_cGCL
082 0 4 _a237
_bط ت
100 1 _aمحمود محمد شاكر
245 1 0 _aتهذيب الاثار : فهارس مسند عمر بن الخطاب /
_cمحمود محمد شاكر
700 1 _aالطبرى، ابوجعفر محمد بن جرير، 839-923 م
260 _a[S.N] :
_bمطبعة المدنى
300 _aمتعدد
490 _a
650 0 4 _aالحديث
650 0 4 _aمسند عمر بن الخطاب
650 0 4 _aالاسناد
942 _2ddc
_cBK
999 _c37112
_d37112